A spider story : (Record no. 110468)
[ view plain ]
| 000 -LEADER | |
|---|---|
| fixed length control field | 00623nam a2200205 a 4500 |
| 001 - CONTROL NUMBER | |
| control field | 2411 |
| 005 - DATE AND TIME OF LATEST TRANSACTION | |
| control field | 20140414131856.0 |
| 008 - FIXED-LENGTH DATA ELEMENTS--GENERAL INFORMATION | |
| fixed length control field | 050601s19uu xx 00 eng d |
| 020 ## - INTERNATIONAL STANDARD BOOK NUMBER | |
| International Standard Book Number | 971-518-025-6 |
| 050 ## - LIBRARY OF CONGRESS CALL NUMBER | |
| Classification number | FIL |
| Item number | Sp4 2002 |
| 100 ## - MAIN ENTRY--PERSONAL NAME | |
| Personal name | Yia, Germaine |
| 245 ## - TITLE STATEMENT | |
| Title | A spider story : |
| Remainder of title | (isang kuwentong gagamba) / |
| Statement of responsibility, etc | story by Germaine Yia ; illustrations by Liza Flores. |
| 250 ## - EDITION STATEMENT | |
| Edition statement | International Edition |
| 260 ## - PUBLICATION, DISTRIBUTION, ETC. (IMPRINT) | |
| Place of publication, distribution, etc | Manila, Philippines : |
| Name of publisher, distributor, etc | Lampara Publishing House, |
| Date of publication, distribution, etc | 2002. |
| 300 ## - PHYSICAL DESCRIPTION | |
| Extent | 1 v. p. : ill. ; cm. |
| 650 ## - SUBJECT ADDED ENTRY--TOPICAL TERM | |
| Topical term or geographic name as entry element | Spiders |
| General subdivision | Fiction. |
| 650 ## - SUBJECT ADDED ENTRY--TOPICAL TERM | |
| Topical term or geographic name as entry element | Children stories. |
| Withdrawn status | Lost status | Damaged status | Use restrictions | Home library | Current library | Shelving location | Date acquired | Source of acquisition | Total Checkouts | Full call number | Barcode | Date last seen | Price effective from | Koha item type |
|---|---|---|---|---|---|---|---|---|---|---|---|---|---|---|
| Munich Library | Munich Library | Filipiniana Section | 06/01/2005 | FIL Sp4 2002 | M0880 | 04/14/2014 | 04/14/2014 | Books | ||||||
| Munich Library | Munich Library | Filipiniana Section | 09/07/2010 | FIL Sp4 2002 | M1001 | 04/14/2014 | 04/14/2014 | Books |